Interiors now! / (Registro nro. 3741)
[ vista simple ]
| 000 -LEADER | |
|---|---|
| fixed length control field | 01254nam a22002657a 4500 |
| 003 - CONTROL NUMBER IDENTIFIER | |
| control field | PE SENCICO BE |
| 005 - DATE AND TIME OF LATEST TRANSACTION | |
| control field | 20251020182623.0 |
| 008 - FIXED-LENGTH DATA ELEMENTS--GENERAL INFORMATION | |
| fixed length control field | 230104b |||||||| |||| 00| 0 eng d |
| 020 ## - INTERNATIONAL STANDARD BOOK NUMBER | |
| International Standard Book Number | 978-3-8365-6756-5 |
| 040 ## - CATALOGING SOURCE | |
| Original cataloging agency | PE SENCICO BE |
| Transcribing agency | PE SENCICO BE |
| 041 ## - LANGUAGE CODE | |
| Language code of text/sound track or separate title | spa |
| 082 ## - DEWEY DECIMAL CLASSIFICATION NUMBER | |
| Classification number | 747 |
| Item number | T23 |
| 100 1# - MAIN ENTRY--PERSONAL NAME | |
| 9 (RLIN) | 388 |
| Personal name | Taschen, Aurelia |
| Relator term | autora |
| 245 1# - TITLE STATEMENT | |
| Title | Interiors now! / |
| Statement of responsibility, etc. | Aurelia Taschen |
| 250 ## - EDITION STATEMENT | |
| Edition statement | [1a ed.] |
| 260 ## - PUBLICATION, DISTRIBUTION, ETC. | |
| Place of publication, distribution, etc. | s.l.: |
| Name of publisher, distributor, etc. | Taschen, Bibliotheca Universalis, |
| Date of publication, distribution, etc. | [2017] |
| 300 ## - PHYSICAL DESCRIPTION | |
| Extent | 500, [12] p. : |
| Other physical details | lams. col., |
| Dimensions | 20 cm. |
| 520 3# - SUMMARY, ETC. | |
| Summary, etc. | Estas casas, residencias, refugios y estudios de inspiradora diversidad de estilos le sorprenderán y asombrarán sin importar cuáles sean sus preferencias en cuanto a interiorismo, tanto si prefiere una casa de campo de estilo rústico, un moderno loft neoyorkino o un bungalow bohemio. Esta meticulosa aproximación al diseño de interiores contemporáneo reúne proyectos de todo el mundo, de Auckland (Nueva Zelanda) a Aviñón (Francia). |
| 650 14 - SUBJECT ADDED ENTRY--TOPICAL TERM | |
| 9 (RLIN) | 44 |
| Topical term or geographic name entry element | Diseño de interiores |
| 650 24 - SUBJECT ADDED ENTRY--TOPICAL TERM | |
| 9 (RLIN) | 389 |
| Topical term or geographic name entry element | Decoración y ornamentación |
| 650 24 - SUBJECT ADDED ENTRY--TOPICAL TERM | |
| 9 (RLIN) | 77 |
| Topical term or geographic name entry element | Viviendas |
| 650 24 - SUBJECT ADDED ENTRY--TOPICAL TERM | |
| 9 (RLIN) | 199 |
| Topical term or geographic name entry element | Distribución de espacios (viviendas) |
| 910 ## - USER-OPTION DATA (OCLC) | |
| -- | hfp |
| -- | hfp |
| 942 ## - ADDED ENTRY ELEMENTS (KOHA) | |
| Source of classification or shelving scheme | Dewey Decimal Classification |
| Koha item type | Libros |
| Classification part | 747 |
| Item part | T23 |
| Fecha de la última vez que lo usaron | Número de ingreso o de inventario | Pago total | Signatura topográfica completa | Precio efectivo desde | Tipo de documento | Estado perdido | Sistema de clasificación | Estado dañado | No es para préstamo | Retirado | Ubicación permanente | Ubicación actual | Fecha de adquisición |
|---|---|---|---|---|---|---|---|---|---|---|---|---|---|
| 04/01/2023 | 16581 | 747/T23 | 04/01/2023 | Libros | Dewey Decimal Classification | Biblioteca Central Lima | Biblioteca Central Lima | 04/01/2023 |